[Event "Hastings Challengers 1991/92"]
[Site "Hastings"]
[Date "1991.12.31"]
[Round "4"]
[White "McDonald, Neil R"]
[Black "Flear, Christine"]
[Result "1-0"]
[WhiteElo "2390"]
[BlackElo "2210"]
[PlyCount "41"]
[EventDate "1991.12.28"]
[EventType "swiss"]
[EventRounds "9"]
[EventCountry "ENG"]
[SourceTitle "BritBase"]
[Source "John Saunders"]
[SourceDate "2024.12.03"]
[SourceVersion "1"]
[SourceVersionDate "2024.12.03"]
[SourceQuality "1"]

1. e4 e5 2. f4 exf4 3. Nf3 d6 4. Bc4 h6 5. d3 g5 6. g3 g4 7. Nd4 f3 8. c3 Nd7 9. Na3 Ne5 10. Bf4 Nxc4 11. Nxc4 Ne7 12. Qa4+ Bd7 13. Qb3 Ng6 14. Be3 Ne5 15. O-O-O Rb8 16. Nxe5 dxe5 17. Nf5 Bxf5 18. Qb5+ Qd7 19. Qxe5+ Be6 20. Qxh8 h5 21. Bg5 1-0

[Event "Hastings Challengers 1991/92"]
[Site "Hastings"]
[Date "1991.12.31"]
[Round "4"]
[White "Milligan, Helen"]
[Black "Giddins, Stephen W"]
[Result "0-1"]
[WhiteElo "2040"]
[BlackElo "2260"]
[PlyCount "98"]
[EventDate "1991.12.28"]
[EventType "swiss"]
[EventRounds "9"]
[EventCountry "ENG"]
[SourceTitle "Giddins, Steve"]

1. e4 e6 2. d4 d5 3. Nc3 Bb4 4. Nge2 dxe4 5. a3 Be7 6. Nxe4 Nc6 7. Qd3 Nf6 8. Bf4 O-O 9. O-O-O Nd5 10. Bd2 Rb8 11. N2c3 a6 12. h4 b5 13. Nxd5 Qxd5 14. Bg5 f6 15. Bf4 b4 16. a4 Bb7 17. b3 Rbc8 18. Qe3 Na5 19. Nc5 Bxc5 20. dxc5 Qc6 21. Qg3 Qxc5 22. Rd7 Rf7 23. Rxf7 Kxf7 24. Qd3 Bd5 25. Kb1 Rd8 26. Be2 f5 27. Be3 Qc6 28. Qxa6 Qxa6 29. Bxa6 Bxg2 30. Rg1 Be4 31. Kb2 e5 32. Bc5 Rd2 33. Bxb4 Rxc2+ 34. Ka3 Nc6 35. Bc4+ Kf6 36. Bc5 Na5 37. Bf8 Nxc4+ 38. bxc4 g6 39. Kb3 Rxf2 40. a5 f4 41. a6 Rd2 42. a7 Bc6 43. Ra1 Rd8 44. Bc5 Kf5 45. Kc3 h6 46. Rb1 Ra8 47. Kd2 g5 48. hxg5 hxg5 49. Ke2 g4 0-1

[Event "Hastings Challengers 1991/92"]
[Site "Hastings"]
[Date "1991.12.31"]
[Round "4"]
[White "Quinn, Mark"]
[Black "Mestel, A Jonathan"]
[Result "0-1"]
[WhiteElo "2275"]
[BlackElo "2520"]
[PlyCount "56"]
[EventDate "1991.12.28"]
[EventType "swiss"]
[EventRounds "9"]
[EventCountry "ENG"]
[SourceTitle "BritBase"]
[Source "John Saunders"]
[SourceDate "2024.12.03"]
[SourceVersion "1"]
[SourceVersionDate "2024.12.03"]
[SourceQuality "1"]

1. c4 g6 2. Nf3 Bg7 3. Nc3 c5 4. d4 cxd4 5. Nxd4 Nc6 6. Nc2 d6 7. e4 Bxc3+ 8. bxc3 Qa5 9. Bd2 Nf6 10. f3 Be6 11. Nd4 Rc8 12. Nxe6 fxe6 13. Qb3 Nd7 14. Qxb7 Nb6 15. c5 Qxc5 16. Qa6 Ne5 17. Qb5+ Kf7 18. Qxc5 Rxc5 19. Be3 Ra5 20. Bd4 Rc8 21. Be2 Nc6 22. Bxb6 axb6 23. Kd2 Rca8 24. Bc4 Ra3 25. Rab1 Na5 26. Bf1 Rxa2+ 27. Kd3 Rc8 28. Rxb6 Nc4 0-1

[Event "Hastings Challengers 1991/92"]
[Site "Hastings"]
[Date "1991.12.31"]
[Round "4"]
[White "Wall, Timothy P"]
[Black "Flear, Glenn C"]
[Result "0-1"]
[WhiteElo "2265"]
[BlackElo "2515"]
[PlyCount "80"]
[EventDate "1991.12.28"]
[EventType "swiss"]
[EventRounds "9"]
[EventCountry "ENG"]
[SourceTitle "BritBase"]
[Source "John Saunders"]
[SourceDate "2024.12.03"]
[SourceVersion "1"]
[SourceVersionDate "2024.12.03"]
[SourceQuality "1"]

1. Nc3 e5 2. Nf3 Nc6 3. d4 exd4 4. Nxd4 Bc5 5. Nf5 Qf6 6. Ne3 Nge7 7. g3 d5 8. Bg2 Be6 9. O-O Rd8 10. Qd3 O-O 11. Bd2 a6 12. Bc1 Kh8 13. Ned1 Nb4 14. Qd2 Qg6 15. a3 Nxc2 16. Rb1 Nd4 17. b4 Bb6 18. Kh1 Nb5 19. Ra1 Nd6 20. Nb2 Ne4 21. Nxe4 dxe4 22. Qf4 f5 23. Qh4 Qf7 24. a4 Ng6 25. Qg5 Rd5 26. f4 Bd4 27. Ra3 Rfd8 28. Nc4 Bf6 29. Qh5 Rd4 30. Ne3 Ne7 31. Qxf7 Bxf7 32. Bh3 Be6 33. b5 axb5 34. axb5 Rb4 35. Ra5 Rb3 36. Kg2 g6 37. g4 Rxe3 38. Bxe3 fxg4 39. Bxg4 Bxg4 40. Rc1 Nd5 0-1

[Event "Hastings Challengers 1991/92"]
[Site "Hastings"]
[Date "1992.01.01"]
[Round "5"]
[White "Conquest, Stuart C"]
[Black "Summerscale, Aaron P"]
[Result "1-0"]
[WhiteElo "2465"]
[BlackElo "2325"]
[PlyCount "83"]
[EventDate "1991.12.28"]
[EventType "swiss"]
[EventRounds "9"]
[EventCountry "ENG"]
[SourceTitle "BritBase"]
[Source "John Saunders"]
[SourceDate "2024.12.03"]
[SourceVersion "1"]
[SourceVersionDate "2024.12.03"]
[SourceQuality "1"]

1. e4 g6 2. d4 Bg7 3. c4 d6 4. Nc3 Nc6 5. Nge2 e5 6. d5 Nce7 7. Ng3 Nf6 8. Bd3 O-O 9. h4 h5 10. Qe2 c6 11. a4 Nd7 12. Ra3 Nc5 13. Bc2 a5 14. Bg5 Bg4 15. Qd2 Rc8 16. Bd1 Bxd1 17. Nxd1 f6 18. Bh6 Rf7 19. O-O Qb6 20. Bxg7 Kxg7 21. Ne3 Nb3 22. Qd1 Nd4 23. f4 exf4 24. Rxf4 Qxb2 25. Rd3 c5 26. Kh2 Rh8 27. Qf1 Qb4 28. Rf2 Nc8 29. Qa1 Nb6 30. Rb2 Nd7 31. Rxb4 axb4 32. Rxd4 cxd4 33. Qxd4 Ra8 34. Qd1 Nc5 35. Ngf5+ gxf5 36. Qxh5 Rh8 37. Nxf5+ Kg8 38. Qg4+ Kf8 39. Nxd6 Rd7 40. Qf4 Ke7 41. e5 f5 42. Qg5+ 1-0

[Event "Hastings Challengers 1991/92"]
[Site "Hastings"]
[Date "1992.01.01"]
[Round "5"]
[White "Crouch, Colin S"]
[Black "Palatnik, Semon"]
[Result "1-0"]
[WhiteElo "2365"]
[BlackElo "2470"]
[PlyCount "61"]
[EventDate "1991.12.28"]
[EventType "swiss"]
[EventRounds "9"]
[EventCountry "ENG"]
[SourceTitle "BritBase"]
[Source "John Saunders"]
[SourceDate "2024.12.03"]
[SourceVersion "1"]
[SourceVersionDate "2024.12.03"]
[SourceQuality "1"]

1. d4 Nf6 2. c4 c5 3. d5 b5 4. cxb5 a6 5. b6 d6 6. Nc3 Qxb6 7. e4 g6 8. a4 Bg7 9. a5 Qb7 10. Bc4 O-O 11. f4 Ne8 12. Nf3 Bg4 13. O-O Nc7 14. Qe1 Qb4 15. Nd2 Bd7 16. Ra3 e6 17. Qh4 exd5 18. Rb3 Qxa5 19. Nxd5 Nxd5 20. Bxd5 Nc6 21. Rb7 Be8 22. f5 Rb8 23. fxg6 hxg6 24. Nf3 Qd8 25. Bg5 Qc8 26. Be7 Bd4+ 27. Kh1 Kg7 28. Rxb8 Qxb8 29. Bxf8+ Kxf8 30. Bxc6 Qxb2 31. Qd8 1-0

[Event "Hastings Challengers 1991/92"]
[Site "Hastings"]
[Date "1992.01.01"]
[Round "5"]
[White "Giddins, Stephen W"]
[Black "Suba, Mihai"]
[Result "0-1"]
[WhiteElo "2260"]
[BlackElo "2520"]
[PlyCount "88"]
[EventDate "1991.12.28"]
[EventType "swiss"]
[EventRounds "9"]
[EventCountry "ENG"]
[SourceTitle "BritBase"]
[Source "John Saunders"]
[SourceDate "2024.12.03"]
[SourceVersion "1"]
[SourceVersionDate "2024.12.03"]
[SourceQuality "1"]

1. d4 Nf6 2. c4 e6 3. Nc3 Bb4 4. Qc2 O-O 5. a3 Bxc3+ 6. Qxc3 b6 7. Nf3 Bb7 8. g3 c5 9. dxc5 bxc5 10. Bg2 a5 11. b3 d6 12. O-O Nbd7 13. Rd1 Ra6 14. Bb2 Qa8 15. b4 axb4 16. axb4 cxb4 17. Qxb4 Rxa1 18. Rxa1 Qb8 19. Bxf6 gxf6 20. Rd1 Bxf3 21. Qxb8 Rxb8 22. Bxf3 Rb6 23. Be4 f5 24. Bd3 Ne5 25. Kg2 Kf8 26. h3 Rb2 27. Ra1 Rb3 28. Rd1 h5 29. f4 Nd7 30. Rb1 Ra3 31. Kf2 Nc5 32. Rd1 Ke7 33. Kg2 Kd7 34. Kf2 Kc6 35. Kg2 Nxd3 36. exd3 Kc5 37. Kf3 Kd4 38. Ke2 f6 39. Rd2 e5 40. fxe5 fxe5 41. Rd1 Ra2+ 42. Kf3 Rh2 43. h4 Ra2 44. Rb1 Rd2 0-1

[Event "Hastings Challengers 1991/92"]
[Site "Hastings"]
[Date "1992.01.01"]
[Round "5"]
[White "Gofshtein, Leonid D"]
[Black "Kumaran, Dharshan"]
[Result "1-0"]
[WhiteElo "2455"]
[BlackElo "2330"]
[PlyCount "87"]
[EventDate "1991.12.28"]
[EventType "swiss"]
[EventRounds "9"]
[EventCountry "ENG"]
[SourceTitle "BritBase"]
[Source "John Saunders"]
[SourceDate "2024.12.03"]
[SourceVersion "1"]
[SourceVersionDate "2024.12.03"]
[SourceQuality "1"]

1. d4 Nf6 2. Nf3 c5 3. d5 g6 4. c4 b5 5. cxb5 a6 6. b6 d6 7. Nc3 Nbd7 8. a4 a5 9. e4 Bg7 10. Bb5 O-O 11. O-O Bb7 12. h3 Nxb6 13. Bf4 Ne8 14. Qb3 Rc8 15. Rad1 c4 16. Qc2 Nc7 17. Nd4 Bxd4 18. Rxd4 f6 19. Be3 f5 20. Rdd1 Nxb5 21. axb5 f4 22. Bd4 Nd7 23. f3 Ne5 24. Ra1 Nd3 25. Na4 e5 26. dxe6 d5 27. e5 Qe7 28. Nb6 Rc7 29. Nd7 Ra8 30. Nf6+ Kg7 31. Qc3 a4 32. Rfd1 h5 33. Nd7 Rac8 34. Rxa4 Kh6 35. b6 Bc6 36. bxc7 Bxa4 37. Ra1 Bxd7 38. exd7 Qxd7 39. Ra7 Rxc7 40. e6 Qe7 41. Rxc7 Qxc7 42. Qa3 Qd8 43. Qa7 h4 44. Qg7+ 1-0

[Event "Hastings Challengers 1991/92"]
[Site "Hastings"]
[Date "1992.01.01"]
[Round "5"]
[White "Janovsky, Sergey"]
[Black "Coleman, David J"]
[Result "1-0"]
[WhiteElo "2425"]
[BlackElo "2265"]
[PlyCount "37"]
[EventDate "1991.12.28"]
[EventType "swiss"]
[EventRounds "9"]
[EventCountry "ENG"]
[SourceTitle "BritBase"]
[Source "John Saunders"]
[SourceDate "2024.12.03"]
[SourceVersion "1"]
[SourceVersionDate "2024.12.03"]
[SourceQuality "1"]

1. e4 c5 2. c3 b6 3. d4 Bb7 4. Bd3 Nf6 5. Qe2 cxd4 6. cxd4 Nc6 7. d5 Nb4 8. Bc4 Qc7 9. Na3 Rc8 10. Nf3 e6 11. O-O Bc5 12. Nb5 Qb8 13. a3 Na6 14. b4 Be7 15. d6 Bf8 16. e5 Bd5 17. Bd3 Bxf3 18. Qxf3 Ng8 19. Be4 1-0

[Event "Hastings Challengers 1991/92"]
[Site "Hastings"]
[Date "1992.01.01"]
[Round "5"]
[White "Sadler, Matthew D"]
[Black "Tseitlin, Mikhail S"]
[Result "1-0"]
[WhiteElo "2480"]
[BlackElo "2480"]
[PlyCount "53"]
[EventDate "1991.12.28"]
[EventType "swiss"]
[EventRounds "9"]
[EventCountry "ENG"]
[SourceTitle "BritBase"]
[Source "John Saunders"]
[SourceDate "2024.12.03"]
[SourceVersion "1"]
[SourceVersionDate "2024.12.03"]
[SourceQuality "1"]

1. d4 f5 2. c4 Nf6 3. Nc3 g6 4. Bg5 Bg7 5. Qd2 Nc6 6. O-O-O h6 7. Bxf6 Bxf6 8. e4 Nxd4 9. exf5 gxf5 10. Nge2 c5 11. Nxd4 cxd4 12. Nb5 Qb6 13. Nxd4 O-O 14. h4 d6 15. Rh3 Bd7 16. Qxh6 Bg7 17. Rg3 Rf7 18. Qg6 e5 19. h5 f4 20. Rg5 Kf8 21. h6 Bf6 22. h7 Ke7 23. Nf5+ Bxf5 24. Rxf5 Qd8 25. c5 Qc7 26. Bc4 d5 27. Bxd5 1-0

[Event "Hastings Challengers 1991/92"]
[Site "Hastings"]
[Date "1992.01.01"]
[Round "5"]
[White "Van Mil, Johan"]
[Black "Timoscenko, Gennadij A"]
[Result "1/2-1/2"]
[WhiteElo "2415"]
[BlackElo "2505"]
[PlyCount "57"]
[EventDate "1991.12.28"]
[EventType "swiss"]
[EventRounds "9"]
[EventCountry "ENG"]
[SourceTitle "BritBase"]
[Source "John Saunders"]
[SourceDate "2024.12.03"]
[SourceVersion "1"]
[SourceVersionDate "2024.12.03"]
[SourceQuality "1"]

1. e4 c5 2. c3 d5 3. exd5 Qxd5 4. d4 Nf6 5. Nf3 Nc6 6. Be3 Ng4 7. Bd3 Nxe3 8. fxe3 Bg4 9. e4 Qd6 10. d5 O-O-O 11. Na3 Bxf3 12. Qxf3 Ne5 13. Qh3+ Kb8 14. Nc4 Nxc4 15. Bxc4 Qf4 16. Qf3 Qxf3 17. gxf3 g6 18. f4 Bh6 19. O-O e6 20. Rad1 exd5 21. Bxd5 Rhe8 22. c4 f6 23. h4 Re7 24. Rd3 Bg7 25. a3 h6 26. b4 cxb4 27. axb4 f5 28. e5 g5 29. hxg5 1/2-1/2

[Event "Hastings Challengers 1991/92"]
[Site "Hastings"]
[Date "1992.01.01"]
[Round "5"]
[White "Wells, Peter K"]
[Black "Hebden, Mark L"]
[Result "0-1"]
[WhiteElo "2465"]
[BlackElo "2485"]
[PlyCount "104"]
[EventDate "1991.12.28"]
[EventType "swiss"]
[EventRounds "9"]
[EventCountry "ENG"]
[SourceTitle "BritBase"]
[Source "John Saunders"]
[SourceDate "2024.12.03"]
[SourceVersion "1"]
[SourceVersionDate "2024.12.03"]
[SourceQuality "1"]

1. e4 e5 2. Nf3 Nc6 3. Nc3 Nf6 4. Bb5 Nd4 5. Ba4 c6 6. Nxe5 d6 7. Nf3 Bg4 8. d3 Nd7 9. Be3 Nxf3+ 10. gxf3 Bh5 11. d4 Qf6 12. Rg1 Qxf3 13. Qxf3 Bxf3 14. d5 c5 15. Kd2 O-O-O 16. Bxd7+ Kxd7 17. Rg3 Bh5 18. Rb1 a5 19. a3 g6 20. b4 axb4 21. axb4 c4 22. b5 Bg7 23. Rb4 Rhe8 24. Rxc4 Rc8 25. Rxc8 Kxc8 26. Bf4 Kd7 27. b6 Bd4 28. Be3 Be5 29. Rg1 Bf3 30. Ra1 Bxe4 31. Ra7 Bxc3+ 32. Kxc3 Bxd5 33. Kd4 Bc6 34. c4 Re4+ 35. Kd3 Rh4 36. Ra8 Bg2 37. Rd8+ Kxd8 38. Bg5+ Kd7 39. Bxh4 Kc6 40. Be7 Kc5 41. Bf6 Bf1+ 42. Ke4 Kxc4 43. f4 Bg2+ 44. Ke3 Bh3 45. Ke4 Bf5+ 46. Ke3 Kd5 47. Kf3 Kc5 48. Be7 Kxb6 49. Bxd6 Kb5 50. Ke3 Kc4 51. Be5 b5 52. h4 b4 0-1

[Event "Hastings Challengers 1991/92"]
[Site "Hastings"]
[Date "1992.01.02"]
[Round "6"]
[White "Bronstein, David I"]
[Black "Parker, Jonathan F"]
[Result "1/2-1/2"]
[WhiteElo "2460"]
[BlackElo "2335"]
[PlyCount "69"]
[EventDate "1991.12.28"]
[EventType "swiss"]
[EventRounds "9"]
[EventCountry "ENG"]
[SourceTitle "BritBase"]
[Source "John Saunders"]
[SourceDate "2024.12.03"]
[SourceVersion "1"]
[SourceVersionDate "2024.12.03"]
[SourceQuality "1"]

1. c4 Nf6 2. d4 e6 3. Nc3 d5 4. cxd5 exd5 5. Bg5 c6 6. Qc2 Be7 7. e3 O-O 8. Bd3 Nbd7 9. Nf3 Re8 10. O-O Nf8 11. Rae1 Ne4 12. Bxe7 Qxe7 13. Bxe4 dxe4 14. Nd2 f5 15. f3 exf3 16. Nxf3 Be6 17. e4 fxe4 18. Nxe4 h6 19. Nc5 Rad8 20. Qa4 b5 21. Qa5 Rd5 22. Nd3 Qb7 23. Qc3 Rdd8 24. b3 Qb6 25. Nde5 Bd5 26. Nh4 b4 27. Qg3 Qxd4+ 28. Kh1 Qd2 29. Re3 Be6 30. h3 Qd6 31. Rfe1 c5 32. Kh2 Nd7 33. Qg6 Nf8 34. Qg3 Nd7 35. Qg6 1/2-1/2

[Event "Hastings Challengers 1991/92"]
[Site "Hastings"]
[Date "1992.01.02"]
[Round "6"]
[White "Gallagher, Joseph G"]
[Black "Buckley, Graeme N"]
[Result "0-1"]
[WhiteElo "2520"]
[BlackElo "2285"]
[PlyCount "84"]
[EventDate "1991.12.28"]
[EventType "swiss"]
[EventRounds "9"]
[EventCountry "ENG"]
[SourceTitle "BritBase"]
[Source "John Saunders"]
[SourceDate "2024.12.03"]
[SourceVersion "1"]
[SourceVersionDate "2024.12.03"]
[SourceQuality "1"]

1. e4 c5 2. Nf3 d6 3. d4 cxd4 4. Nxd4 Nf6 5. Nc3 e6 6. g4 a6 7. g5 Nfd7 8. h4 Be7 9. Be3 Nc6 10. Qd2 O-O 11. f4 Nxd4 12. Bxd4 Re8 13. O-O-O Bf8 14. f5 Qc7 15. h5 Ne5 16. Qf2 b5 17. Bh3 b4 18. Ne2 Bb7 19. Ng3 exf5 20. Bxf5 g6 21. Bh3 Bg7 22. Kb1 a5 23. hxg6 fxg6 24. Bf1 Bh8 25. Bb5 Rf8 26. Qe2 Bc8 27. Rdf1 Bg4 28. Qe3 Be6 29. Ne2 Rac8 30. Ba4 Nc4 31. Qd3 Be5 32. Rxf8+ Rxf8 33. Rd1 Rc8 34. Nc1 Qe7 35. Bxe5 dxe5 36. Qg3 Qc5 37. Bb3 Qc6 38. Nd3 Qxe4 39. Ka1 Qd4 40. c3 bxc3 41. a4 cxb2+ 42. Ka2 Qd6 0-1

[Event "Hastings Challengers 1991/92"]
[Site "Hastings"]
[Date "1992.01.02"]
[Round "6"]
[White "Gofshtein, Leonid D"]
[Black "Mestel, A Jonathan"]
[Result "1-0"]
[WhiteElo "2455"]
[BlackElo "2520"]
[PlyCount "63"]
[EventDate "1991.12.28"]
[EventType "swiss"]
[EventRounds "9"]
[EventCountry "ENG"]
[SourceTitle "BritBase"]
[Source "John Saunders"]
[SourceDate "2024.12.03"]
[SourceVersion "1"]
[SourceVersionDate "2024.12.03"]
[SourceQuality "1"]

1. e4 c5 2. Nf3 d6 3. d4 cxd4 4. Nxd4 Nf6 5. Nc3 g6 6. Be3 Bg7 7. f3 O-O 8. Qd2 Nc6 9. Bc4 Bd7 10. O-O-O Rc8 11. Bb3 Ne5 12. h4 h5 13. Bg5 Rc5 14. g4 hxg4 15. f4 Nc4 16. Qe2 b5 17. f5 Qa5 18. fxg6 Nxb2 19. gxf7+ Rxf7 20. Kxb2 Qxc3+ 21. Kb1 d5 22. Bxf6 Rxf6 23. Rd3 Qa5 24. exd5 Rc4 25. Nc6 Qb6 26. Nxe7+ Kh8 27. h5 Rf2 28. Ng6+ Kg8 29. Qe7 Rh2 30. Rf1 Bf5 31. h6 Bf6 32. h7+ 1-0

[Event "Hastings Challengers 1991/92"]
[Site "Hastings"]
[Date "1992.01.02"]
[Round "6"]
[White "Gurevich, Ilya"]
[Black "Crouch, Colin S"]
[Result "0-1"]
[WhiteElo "2495"]
[BlackElo "2365"]
[PlyCount "66"]
[EventDate "1991.12.28"]
[EventType "swiss"]
[EventRounds "9"]
[EventCountry "ENG"]
[SourceTitle "BritBase"]
[Source "John Saunders"]
[SourceDate "2024.12.03"]
[SourceVersion "1"]
[SourceVersionDate "2024.12.03"]
[SourceQuality "1"]

1. e4 e6 2. d4 d5 3. Nd2 Nf6 4. e5 Ne4 5. Bd3 Nxd2 6. Bxd2 c5 7. c3 Qb6 8. Nf3 c4 9. Bc2 Qxb2 10. Rb1 Qxa2 11. Ng5 h6 12. Nh7 Be7 13. h4 Nd7 14. Rh3 f5 15. Qh5+ Kd8 16. Ng5 Bxg5 17. Bxg5+ Kc7 18. Kd1 g6 19. Qxg6 hxg5 20. hxg5 Rxh3 21. gxh3 Nb6 22. Rb5 Na4 23. Kd2 b6 24. Rxd5 Qb2 25. Qf7+ Kb8 26. Rd8 Qxc3+ 27. Ke2 Qxc2+ 28. Kf1 Qc1+ 29. Ke2 Nc3+ 30. Kf3 Qh1+ 31. Kf4 Ne2+ 32. Ke3 Qe4+ 33. Kd2 c3+ 0-1

[Event "Hastings Challengers 1991/92"]
[Site "Hastings"]
[Date "1992.01.02"]
[Round "6"]
[White "Hansen, Mads Smith"]
[Black "Giddins, Stephen W"]
[Result "1/2-1/2"]
[WhiteElo "2345"]
[BlackElo "2260"]
[PlyCount "56"]
[EventDate "1991.12.28"]
[EventType "swiss"]
[EventRounds "9"]
[EventCountry "ENG"]
[SourceTitle "Giddins, Steve"]

1. d4 e6 2. Nf3 Nf6 3. Bg5 c5 4. e3 Be7 5. Nbd2 b6 6. Bd3 Bb7 7. O-O O-O 8. c3 Nc6 9. a3 cxd4 10. cxd4 Nd5 11. Bxe7 Qxe7 12. Qe2 Rac8 13. Ba6 Bxa6 14. Qxa6 b5 15. Qxb5 Rb8 16. Qd3 Rxb2 17. Nc4 Rb7 18. e4 Nf4 19. Qe3 d5 20. Qxf4 dxc4 21. d5 exd5 22. exd5 Na5 23. Rad1 Rd8 24. d6 Qf6 25. Qe4 Rbd7 26. Rd5 Nb7 27. Qxc4 Rxd6 28. Rxd6 Qxd6 1/2-1/2

[Event "Hastings Challengers 1991/92"]
[Site "Hastings"]
[Date "1992.01.02"]
[Round "6"]
[White "Holland, Christopher KD"]
[Black "Arakhamia-Grant, Ketevan"]
[Result "0-1"]
[WhiteElo "2275"]
[BlackElo "2475"]
[PlyCount "46"]
[EventDate "1991.12.28"]
[EventType "swiss"]
[EventRounds "9"]
[EventCountry "ENG"]
[SourceTitle "BritBase"]
[Source "John Saunders"]
[SourceDate "2024.12.03"]
[SourceVersion "1"]
[SourceVersionDate "2024.12.03"]
[SourceQuality "1"]

1. c4 Nf6 2. Nc3 g6 3. g3 Bg7 4. Bg2 c5 5. Nf3 Nc6 6. O-O O-O 7. a3 d5 8. cxd5 Nxd5 9. Ng5 e6 10. Nge4 b6 11. d3 Bb7 12. Bg5 f6 13. Bd2 Qd7 14. Qa4 Rad8 15. f4 f5 16. Nf2 Nd4 17. Qd1 Bc6 18. e3 Nxc3 19. bxc3 Ba4 20. Qb1 Ne2+ 21. Kh1 Nxc3 22. Qe1 Nb5 23. Qe2 Bc2 0-1

[Event "Hastings Challengers 1991/92"]
[Site "Hastings"]
[Date "1992.01.02"]
[Round "6"]
[White "Howell, James C"]
[Black "Marusenko, Petr"]
[Result "1-0"]
[WhiteElo "2445"]
[BlackElo "2305"]
[PlyCount "31"]
[EventDate "1991.12.28"]
[EventType "swiss"]
[EventRounds "9"]
[EventCountry "ENG"]
[SourceTitle "BritBase"]
[Source "John Saunders"]
[SourceDate "2024.12.03"]
[SourceVersion "1"]
[SourceVersionDate "2024.12.03"]
[SourceQuality "1"]

1. e4 c6 2. d4 d5 3. exd5 cxd5 4. c4 Nf6 5. Nc3 Nc6 6. Bg5 Be6 7. Bxf6 gxf6 8. Qh5 Qa5 9. cxd5 O-O-O 10. O-O-O Nb4 11. Bc4 Nxd5 12. Nge2 Rg8 13. Bxd5 Bxd5 14. Nf4 e6 15. Ncxd5 Bd6 16. Ne7+ 1-0

[Event "Hastings Challengers 1991/92"]
[Site "Hastings"]
[Date "1992.01.02"]
[Round "6"]
[White "Levitt, Jonathan P"]
[Black "Kosten, Anthony C"]
[Result "1/2-1/2"]
[WhiteElo "2465"]
[BlackElo "2535"]
[PlyCount "86"]
[EventDate "1991.12.28"]
[EventType "swiss"]
[EventRounds "9"]
[EventCountry "ENG"]
[SourceTitle "BritBase"]
[Source "John Saunders"]
[SourceDate "2024.12.03"]
[SourceVersion "1"]
[SourceVersionDate "2024.12.03"]
[SourceQuality "1"]

1. d4 Nf6 2. c4 e6 3. Nc3 Bb4 4. e3 O-O 5. Bd3 d5 6. a3 Bxc3+ 7. bxc3 dxc4 8. Bxc4 c5 9. Nf3 Qc7 10. Ba2 b6 11. O-O Bb7 12. Ne5 Nc6 13. Nxc6 Qxc6 14. f3 Rfd8 15. Bb2 Rac8 16. e4 e5 17. d5 Qb5 18. Qb3 Qxb3 19. Bxb3 c4 20. Bc2 Nd7 21. a4 Nc5 22. Rfb1 Rc7 23. Ba3 Ba6 24. Kf2 f5 25. Ke3 Nd3 26. a5 bxa5 27. Ba4 Rf7 28. Bc6 Rc7 29. Ra2 g6 30. g3 Kf7 31. Rd2 Kf6 32. Ra2 g5 33. Raa1 f4+ 34. Ke2 h5 35. Kf1 g4 36. Kg2 Rg8 37. Bd6 Rcg7 38. fxg4 fxg3 39. h3 hxg4 40. h4 Nf4+ 41. Kxg3 Nh5+ 42. Kg2 Nf4+ 43. Kg3 Nh5+ 1/2-1/2

[Event "Hastings Challengers 1991/92"]
[Site "Hastings"]
[Date "1992.01.02"]
[Round "6"]
[White "Martin, Andrew D"]
[Black "Hennigan, Michael T"]
[Result "0-1"]
[WhiteElo "2415"]
[BlackElo "2300"]
[PlyCount "76"]
[EventDate "1991.12.28"]
[EventType "swiss"]
[EventRounds "9"]
[EventCountry "ENG"]
[SourceTitle "BritBase"]
[Source "John Saunders"]
[SourceDate "2024.12.03"]
[SourceVersion "1"]
[SourceVersionDate "2024.12.03"]
[SourceQuality "1"]

1. d4 g6 2. e4 d6 3. c3 Nf6 4. Bd3 Bg7 5. Nf3 O-O 6. O-O Nc6 7. b4 a6 8. Nbd2 e5 9. dxe5 Nxe5 10. Nxe5 dxe5 11. Nc4 Be6 12. Qc2 Nxe4 13. Re1 Nxc3 14. Bb2 Nd5 15. a3 f6 16. Rad1 c6 17. f4 b5 18. Na5 Qb6+ 19. Kh1 Nxf4 20. Be4 Bd5 21. Nxc6 Bxc6 22. Bxc6 Rac8 23. Rd6 Kh8 24. Bc1 Nd5 25. Qc5 Qxc5 26. bxc5 Ne7 27. Bb7 Rxc5 28. Be3 Rc7 29. Bxa6 Nf5 30. Bb6 Nxd6 31. Bxc7 Ra8 32. Bxd6 Rxa6 33. Rd1 Kg8 34. Bb4 Ra8 35. Rd5 Bf8 36. h4 Bxb4 37. axb4 Rb8 38. Rd7 Rc8 0-1

[Event "Hastings Challengers 1991/92"]
[Site "Hastings"]
[Date "1992.01.02"]
[Round "6"]
[White "McNab, Colin Anderson"]
[Black "Dutton, Ian R"]
[Result "1-0"]
[WhiteElo "2425"]
[BlackElo "2230"]
[PlyCount "53"]
[EventDate "1991.12.28"]
[EventType "swiss"]
[EventRounds "9"]
[EventCountry "ENG"]
[SourceTitle "BritBase"]
[Source "John Saunders"]
[SourceDate "2024.12.03"]
[SourceVersion "1"]
[SourceVersionDate "2024.12.03"]
[SourceQuality "1"]

1. Nf3 Nf6 2. c4 e6 3. g3 d5 4. b3 Be7 5. Bg2 O-O 6. O-O c5 7. Bb2 Nc6 8. e3 d4 9. exd4 cxd4 10. d3 Ne8 11. Na3 e5 12. Nc2 f6 13. Re1 Nc7 14. Qd2 a5 15. a3 Be6 16. Re2 Qd7 17. Rae1 Bc5 18. b4 axb4 19. axb4 Ra2 20. Rb1 Be7 21. b5 Na5 22. b6 Na6 23. Nfxd4 Nxc4 24. dxc4 Bxc4 25. Nc6 Bd6 26. Bd5+ Bxd5 27. Qxd5+ 1-0

[Event "Hastings Challengers 1991/92"]
[Site "Hastings"]
[Date "1992.01.02"]
[Round "6"]
[White "Wall, Timothy P"]
[Black "Roos, Louis"]
[Result "0-1"]
[WhiteElo "2265"]
[BlackElo "2360"]
[PlyCount "40"]
[EventDate "1991.12.28"]
[EventType "swiss"]
[EventRounds "9"]
[EventCountry "ENG"]
[SourceTitle "BritBase"]
[Source "John Saunders"]
[SourceDate "2024.12.03"]
[SourceVersion "1"]
[SourceVersionDate "2024.12.03"]
[SourceQuality "1"]

1. e4 e6 2. d4 d5 3. e5 c5 4. c3 Nc6 5. Nf3 Bd7 6. Be2 f6 7. O-O Qc7 8. Bf4 Nge7 9. Bg3 Nf5 10. exf6 Nxg3 11. f7+ Kxf7 12. Ng5+ Kg8 13. fxg3 Be7 14. Nf7 cxd4 15. Bd3 Be8 16. Nxh8 Kxh8 17. Qg4 Ne5 18. Qf4 g5 19. Qd2 Qb6 20. Kh1 Nxd3 0-1